LEADER 01012nam a2200253 i 4500 001 000000152938 003 CaOOAMICUS 005 20250911101636.0 008 060906s1988 it u000 u ita u 013 $a130279 040 $aSeMil$bita 245 10$aDroga e aids :$bcredere nella speranza. 260 $aMilano :$bCircolo culturale Carlo Perini,$c1988. 300 $a245 p. :$bill. ;$c21 cm. 490 0 $aIl quaderno ;$v12 650 4$aAIDS - Conferenze - Milano - 1987.$0(OLS)http://semarc/subject/29850 650 4$aDroga - Milano - Conferenze - 1987.$0(OLS)http://semarc/subject/29851 830 3$aIl quaderno ;$v12.$0(OLS)http://semarc/title/21575 850 $aSeMil 852 $aSeMil$W1$xVenegono$y1$m3XK III 3$j104882$B104882$CSeMilBibl$Z2$F116152 $81 961 $aRecupero: Altro 996 $6245$aDroga e aids :$bcredere nella speranza$9(OLS)http://semarc/title/223690 996 $6260$aMilano :$bCircolo culturale Carlo Perini$9(OLS)http://semarc/publisher/34370 LEADER 01118nam a2200241 i 4500 001 000000167872 003 CaOOAMICUS 005 20071211000000.0 008 071211s1980 sp u000 u mul u 013 $a145272 040 $aSeMil$bita 100 1 $aRodriguez-Aguilera, Cesareo.$0(OLS)http://semarc/name/63079 245 10$aAligi Sassu :$bObras gráficas y pinturas : 1929-1979 /$c[Testo di Cesareo Rodriguez-Aguilera ]. 260 $aMadrid :$bCentro Cultural de la Villa,$c1980. 300 $a1 v. :$b[1] ritratto :$briccamente ill. ;$c21x23 cm. 500 $aContiene : Note biografiche. - Testo anche in italiano. - Mostra tenuta a Madrid. - Fondo Card. Giovanni Colombo. 700 1 $aSassu, Aligi$b<1912-2000>.$0(OLS)http://semarc/name/18350 850 $aSeMil 852 $aSeMil$W1$xVenegono$y1$m5X VI 39$j119008$B119008$CSeMilBibl$Z2$F129916 $81 941 1 $a3 961 $aLascito: Colombo Card. Giovanni 996 $6245$aAligi Sassu :$bObras gráficas y pinturas : 1929-1979$9(OLS)http://semarc/title/240198 996 $6260$aMadrid :$bCentro Cultural de la Villa$9(OLS)http://semarc/publisher/48724 LEADER 00940nam a2200193 i 4500 001 000000237439 003 CaOOAMICUS 005 20141224000000.0 008 141224s1761 it u000 u ita u 013 $a216344 026 $aA'i- i-e- hano Tudi (3) 1761 (R) 040 $aSeMil$bita 245 10$aTomo ventesimo contenente l'ultima parte della storia del sesto secolo. 300 $aXXII, [2], 467, [1] p. 500 $aSegn. : a-c4 A-3L4 3M6. 773 0 $aOrsi, Giuseppe Agostino $tDella istoria ecclesiastica descritta da F. Giuseppe Agostino Orsi dell'ordine de'predicatori ... Tomo 1. [-21.].$dIn Roma : Nella stamperia di Pallade appresso Niccolò e Marco Pagliarini, 1747-1762.$g20$w()31192 850 $aSeMil 852 $aSeMil$W1$xVenegono$y1$m3C IV 119 FA$j187785$B187785$CSeMilBibl$Z2$F198693 $8I 996 $6245$aTomo ventesimo contenente l'ultima parte della storia del sesto secolo$9(OLS)http://semarc/title/338445 LEADER 00878nam a2200205 i 4500 001 000000179413 003 CaOOAMICUS 005 20250901140406.0 008 090513s1982 xxk u000 u mul u 040 $aSeMil$bita 245 10$a1: The acharnians ; The knights ; The clouds ; The wasps. 300 $aXVI, 554 p. 490 1 $aThe Loeb Classical Library ;$v178 773 0 $aAristophanes <445-385 a.C.>$tAristophanes.$dCambridge, Massachusetts : Harvard University Press ; London : Heinemann, 1979-1982.$g1$w()21311 830 4$aThe Loeb Classical Library ;$v178.$0(OLS)http://semarc/title/26868 850 $aSeMil 852 $aSeMil$W1$xVenegono$y1$m1Y II 52/1$j261189$B130175$CSeMilBibl$Z2$F141669 $81 961 $aOmaggio: Villa don Cesare 996 $6245$a1: The acharnians ; The knights ; The clouds ; The wasps$9(OLS)http://semarc/title/257597 LEADER 01400nam a2200313 i 4500 001 000000105204 003 CaOOAMICUS 005 20200304101407.0 008 020214s1995 it u000 u ita u 013 $a77393 020 $a88-343-3975-4 040 $aSeMil$bita 240 10$aSippenhaft.$0(OLS)http://semarc/title/152343 245 14$aUna piccola luce :$blettere della famiglia Scholl dal carcere nazista /$ca cura di Inge Aicher-Scholl. 260 $aMilano :$bVita e Pensiero,$c1995. 300 $a171 p. ;$c23 cm 490 1 $aParalleli 500 $aContiene : Tavola cronologica ; Notizie biografiche. 650 4$aAntinazismo - Germania - Fonti epistolari.$0(OLS)http://semarc/subject/48724 650 4$aEpistolari.$0(OLS)http://semarc/subject/1376 650 4$aGuerra mondiale <1939-1945> - Germania.$0(OLS)http://semarc/subject/1212 700 1 $aAicher-Scholl, Inge.$0(OLS)http://semarc/name/44373 830 0$aParalleli.$0(OLS)http://semarc/title/5967 850 $aSeMil 852 $aSeMil$W1$xVenegono$y1$m3V III 245$j219057$B230850$CSeMilBibl$Z2$F230850 $81 996 $6020$a88-343-3975-4$9(OLS)http://semarc/number/85223 996 $6245$aUna piccola luce :$blettere della famiglia Scholl dal carcere nazista$9(OLS)http://semarc/title/152342 996 $6260$aMilano :$bVita e Pensiero$9(OLS)http://semarc/publisher/29642 LEADER 01124nam a2200277 i 4500 001 000000124685 003 CaOOAMICUS 005 20220530154437.0 008 061005s1944 it u000 u ita u 013 $a97382 040 $aSeMil$bita 100 1 $aRilke, Rainer Maria,$d<1875-1926>.$0(OLS)http://semarc/name/6263 240 10$aBriefe an einen jungen Dichter.$0(OLS)http://semarc/title/439706 245 10$aLettere a un giovane poeta /$cR. M. Rilke ; a cura di G. Degli Ubertis. 264 1$aFirenze :$bCya,$c1944. 300 $a80 p., [2] c. di tav. ;$c19 cm. 541 0 $aFondo Ciprandi (1W I 417) 650 4$aRilke, Rainer Maria <1875-1926> - Opere.$0(OLS)http://semarc/subject/3139 700 1 $aDegli Ubertis, Guglielmo.$0(OLS)http://semarc/name/51817 850 $aSeMil 852 $aSeMil$W1$xVenegono$y1$m1W I 417$j79223$B79223$CSeMilBibl$Z2$F81357 $81 941 1 $a1 961 $aOmaggio: Ciprandi dott. Paolo 996 $6245$aLettere a un giovane poeta$9(OLS)http://semarc/title/183507 996 $6264$aFirenze :$bCya$9(OLS)http://semarc/publisher/37311